NEMA industrial control standards ... (Record no. 17136)
[ view plain ]
| 000 -LEADER | |
|---|---|
| fixed length control field | 00812cam a22002531 4500 |
| 001 - CONTROL NUMBER | |
| control field | ca 33000978 |
| 003 - CONTROL NUMBER IDENTIFIER | |
| control field | DLC |
| 005 - DATE AND TIME OF LATEST TRANSACTION | |
| control field | 20260227111129.0 |
| 008 - FIXED-LENGTH DATA ELEMENTS--GENERAL INFORMATION | |
| fixed length control field | 871228s1933 nyu 000 0 eng |
| 010 ## - LIBRARY OF CONGRESS CONTROL NUMBER | |
| LC control number | ca 33000978 |
| 035 ## - SYSTEM CONTROL NUMBER | |
| System control number | (OCoLC)17287403 |
| 040 ## - CATALOGING SOURCE | |
| Original cataloging agency | DLC |
| Transcribing agency | TNJ |
| Modifying agency | DLC |
| 042 ## - AUTHENTICATION CODE | |
| Authentication code | premarc |
| 050 00 - LIBRARY OF CONGRESS CALL NUMBER | |
| Classification number | TK7 |
| Item number | .N35 no. 17 |
| 082 #0 - DEWEY DECIMAL CLASSIFICATION NUMBER | |
| Classification number | 621.3174 |
| 110 2# - MAIN ENTRY--CORPORATE NAME | |
| Corporate name or jurisdiction name as entry element | National Electrical Manufacturers Association. |
| 245 10 - TITLE STATEMENT | |
| Title | NEMA industrial control standards ... |
| 260 ## - PUBLICATION, DISTRIBUTION, ETC. | |
| Place of publication, distribution, etc. | New York, |
| Name of publisher, distributor, etc. | National electrical manufacturers association, |
| Date of publication, distribution, etc. | 1933. |
| 300 ## - PHYSICAL DESCRIPTION | |
| Extent | 42 p., 1 l. |
| Other physical details | illus. |
| Dimensions | 27 cm. |
| 490 1# - SERIES STATEMENT | |
| Series statement | Its Publications, |
| Volume/sequential designation | no. 33-17 |
| 650 #0 - SUBJECT ADDED ENTRY--TOPICAL TERM | |
| Topical term or geographic name entry element | Electric controllers. |
| 740 0# - ADDED ENTRY--UNCONTROLLED RELATED/ANALYTICAL TITLE | |
| Uncontrolled related/analytical title | Industrial control standards. |
| 810 2# - SERIES ADDED ENTRY--CORPORATE NAME | |
| Corporate name or jurisdiction name as entry element | National Electrical Manufacturers Association. |
| Title of a work | Publications, |
| Volume/sequential designation | no. 33-17. |
No items available.